UCI WT Decathlon AG2R La Mondiale Team riders 2025. - Statistics

General Stats
  • This quiz has been taken 28 times
  • The average score is 17 of 30
Answer Stats
Hint Answer % Correct
AUT Felix Gall
94%
IRE Sam Bennett
88%
BEL Oliver Naesen
82%
ITA Andrea Vendrame
76%
FRA Dorian Godon
76%
NOR Johannes Staune-Mittet
76%
BEL Stan Dewulf
76%
FRA Benoît Cosnefroy
71%
FRA Paul Seixas
71%
SWI Stefan Bissegger
71%
AUS Callum Scotson
65%
BEL Dries De Bondt
65%
FRA Bruno Armirail
59%
FRA Victor Lafay
59%
FRA Aurélien Paret-Peintre
53%
AUS Oscar Chamberlain
53%
FRA Paul Lapeira
53%
DEN Rasmus Søjberg Pedersen
53%
FRA Bastien Tronchon
47%
FRA Jordan Labrosse
47%
FRA Léo Bisiaux
47%
FRA Nicolas Prodhomme
47%
FRA Clément Berthet
41%
FRA Geoffrey Bouchard
41%
BEL Gianluca Pollefliet
41%
NOR Tord Gudmestad
41%
FRA Nans Peters
35%
FRA Noa Isidore
35%
BEL Sander De Pestel
35%
FRA Pierre Gautherat
18%
No matching quizzes found
Score Distribution
Percent of People with Each Score
Percentile by Number Answered
Your Score History
You have not taken this quiz